[Event "BCF-chT 2324 (4NCL)"]
[Site "England"]
[Date "2024.02.10"]
[Round "5.3"]
[White "Greet, Andrew"]
[Black "Badacsonyi, Frankie"]
[Result "1-0"]
[WhiteElo "2407"]
[BlackElo "2137"]
[PlyCount "93"]
[EventDate "2023.11.11"]
[EventType "team-tourn"]
[EventRounds "11"]
[EventCountry "ENG"]
[SourceTitle "CB11_2024"]
[SourceDate "2024.03.13"]
[SourceVersion "1"]
[SourceVersionDate "2024.03.13"]
[SourceQuality "1"]
[WhiteTeam "Wood Green"]
[BlackTeam "Barnet Knights"]
[WhiteTeamCountry "ENG"]
[BlackTeamCountry "ENG"]

1. Nf3 d5 2. d4 e6 3. g3 Nf6 4. Bg2 b5 5. 0-0 Be7 6. b3 Bb7 7. c4 bxc4 8. bxc4 dxc4 9. Qa4+ Nfd7 10. Ba3 0-0 11. Qxc4 Bxa3 12. Nxa3 c5 13. dxc5 Qa5 14. Qb5 Qxb5 15. Nxb5 Na6 16. Nd6 Bc6 17. Nd4 Bxg2 18. Kxg2 Naxc5 19. Nc6 g6 20. Rac1 a5 21. Rfd1 Kg7 22. Nb7 Nxb7 23. Rxd7 Nd8 24. Ne5 Rb8 25. f4 Rb7 26. Rcc7 Rxc7 27. Rxc7 Kh8 28. Nd7 Re8 29. Rc8 Kg7 30. Ra8 f6 31. Nc5 Kf7 32. Ne4 Kg7 33. Nd6 Rf8 34. Rxa5 Nc6 35. Ra6 Nd4 36. Kf2 Rb8 37. Ra7+ Kg8 38. Ne4 Rb2 39. Nxf6+ Kf8 40. Nxh7+ Kg8 41. Nf6+ Kf8 42. Ke3 Nxe2 43. a4 Nc3 44. h4 Rb3 45. Nd7+ Kg8 46. Kd4 Ra3 47. Ke5 1-0

[Event "SCO-ch op 128th"]
[Site "Dunfermline"]
[Date "2023.07.08"]
[Round "2"]
[White "Greet, Andrew"]
[Black "Madhavan, Sanjith1111"]
[Result "1-0"]
[WhiteElo "2410"]
[BlackElo "1987"]
[PlyCount "59"]
[EventDate "2023.07.07"]
[EventType "swiss"]
[EventRounds "5"]
[EventCountry "SCO"]
[SourceTitle "CBM 215 Extra"]
[Source "ChessBase"]
[SourceDate "2023.09.30"]
[SourceVersion "1"]
[SourceVersionDate "2023.09.30"]
[SourceQuality "1"]

1. c4 Nf6 2. Nf3 g6 3. g3 Bg7 4. Bg2 d6 5. d4 0-0 6. Nc3 c5 7. 0-0 Nc6 8. dxc5 dxc5 9. Be3 Qa5 10. Qb3 Qb4 11. Rad1 Na5 12. Qxb4 cxb4 13. Nd5 Nxd5 14. cxd5 Nc4 15. Bd4 Nxb2 16. Rb1 Nc4 17. Rxb4 Nd6 18. Bxg7 Kxg7 19. e4 a5 20. Rd4 Bd7 21. Ne5 Rfd8 22. Nxd7 Rxd7 23. e5 Nb5 24. Rd3 Na7 25. Rc3 Rad8 26. Rb1 b5 27. Rc5 a4 28. f4 Kf8 29. Kf2 Rb7 30. a3 1-0

[Event "Olympiad-44"]
[Site "Chennai"]
[Date "2022.08.07"]
[Round "9.1"]
[White "Greet, Andrew"]
[Black "Kadric, Denis"]
[Result "1/2-1/2"]
[WhiteElo "2392"]
[BlackElo "2554"]
[PlyCount "76"]
[EventDate "2022.07.29"]
[EventType "team-swiss"]
[EventRounds "11"]
[EventCountry "IND"]
[SourceTitle "CBM 210"]
[Source "ChessBase"]
[SourceDate "2022.10.31"]
[SourceVersion "1"]
[SourceVersionDate "2022.10.31"]
[SourceQuality "1"]
[WhiteTeam "Scotland"]
[BlackTeam "Montenegro"]
[WhiteTeamCountry "SCO"]
[BlackTeamCountry "MNE"]

1. d4 d6 2. e4 Nf6 3. Nc3 Nbd7 4. Nf3 e5 5. Rg1 c6 6. g4 h6 7. h4 exd4 8. Nxd4 Ne5 9. Be2 d5 10. exd5 Nxd5 11. Nxd5 Qxd5 12. c3 Bc5 13. Be3 Nc4 14. Bxc4 Qxc4 15. Qb3 Qxb3 16. axb3 Be7 17. h5 a6 18. 0-0-0 g6 19. hxg6 fxg6 20. Rde1 Bd7 21. Nf3 0-0-0 22. Bxh6 Bc5 23. Be3 Bxe3+ 24. Rxe3 Rdf8 25. Rg2 Rh1+ 26. Re1 Rxe1+ 27. Nxe1 a5 28. f3 Be6 29. Kc2 b5 30. Re2 Bd5 31. Re7 Rf6 32. b4 axb4 33. cxb4 Rf4 34. Rg7 Rc4+ 35. Kd2 Rd4+ 36. Kc3 Rc4+ 37. Kd2 Rd4+ 38. Kc3 Rc4+ 1/2-1/2

[Event "Olympiad-44"]
[Site "Chennai"]
[Date "2022.08.03"]
[Round "6.1"]
[White "Greet, Andrew"]
[Black "Kiriella, KGTSD"]
[Result "1-0"]
[WhiteElo "2392"]
[BlackElo "1781"]
[PlyCount "79"]
[EventDate "2022.07.29"]
[EventType "team-swiss"]
[EventRounds "11"]
[EventCountry "IND"]
[SourceTitle "CBM 210"]
[Source "ChessBase"]
[SourceDate "2022.10.31"]
[SourceVersion "1"]
[SourceVersionDate "2022.10.31"]
[SourceQuality "1"]
[WhiteTeam "Scotland"]
[BlackTeam "Sri Lanka"]
[WhiteTeamCountry "SCO"]
[BlackTeamCountry "SRI"]

1. d4 Nf6 2. c4 e6 3. Nf3 Bb4+ 4. Bd2 Qe7 5. g3 Nc6 6. Nc3 Bxc3 7. Bxc3 Ne4 8. Rc1 Nxc3 9. Rxc3 d6 10. d5 Nd8 11. dxe6 fxe6 12. Bg2 0-0 13. 0-0 Bd7 14. Nd4 e5 15. Nc2 Bc6 16. Ne3 Bxg2 17. Kxg2 Ne6 18. f3 c6 19. Ng4 Rad8 20. Qc1 Nd4 21. Re3 h5 22. Nf2 Nf5 23. Rc3 d5 24. cxd5 cxd5 25. Rc7 Rd7 26. Rxd7 Qxd7 27. Rd1 Qb5 28. Rd3 d4 29. Ne4 Ne3+ 30. Rxe3 dxe3 31. Qxe3 Qxb2 32. Ng5 Rf5 33. h4 Qxa2 34. Qd3 Rxg5 35. hxg5 Qf7 36. g6 Qc7 37. Qf5 Qe7 38. Qc8+ Qf8 39. Qe6+ Kh8 40. Qxe5 1-0

[Event "Online Olym Div2 C"]
[Site "Chess.com INT"]
[Date "2021.09.03"]
[Round "4.3"]
[White "Smirin, Ilia"]
[Black "Greet, Andrew"]
[Result "1-0"]
[WhiteElo "2616"]
[BlackElo "2401"]
[PlyCount "99"]
[EventDate "2021.09.02"]
[EventType "team (rapid)"]
[EventRounds "9"]
[EventCountry "USA"]
[SourceTitle "CBM 204 Extra"]
[Source "ChessBase"]
[SourceDate "2021.11.30"]
[SourceVersion "1"]
[SourceVersionDate "2021.11.30"]
[SourceQuality "1"]
[WhiteTeam "Israel"]
[BlackTeam "Scotland"]
[WhiteTeamCountry "ISR"]
[BlackTeamCountry "SCO"]

1. e4 e6 2. d4 d5 3. Nd2 c5 4. Ngf3 cxd4 5. Nxd4 Nc6 6. Bb5 Bd7 7. Nxc6 bxc6 8. Bd3 Bd6 9. Qe2 Ne7 10. e5 Bc7 11. Nf3 c5 12. c4 Ba5+ 13. Kf1 Bc6 14. h4 dxc4 15. Bxc4 Nf5 16. Bg5 Qd7 17. Rd1 Qb7 18. Rh3 Nd4 19. Nxd4 Bxg2+ 20. Kg1 Bxh3 21. Bb5+ Kf8 22. Bc6 Qc8 23. Qf3 cxd4 24. Bxa8 h6 25. Rc1 Qb8 26. Bb7 hxg5 27. Rc8+ Qxc8 28. Bxc8 Rxh4 29. Qa3+ Kg8 30. Qxa5 Bf5 31. f3 d3 32. Qd8+ Kh7 33. Qxg5 Rd4 34. Qd2 Rc4 35. Ba6 Rc2 36. Qe3 d2 37. Be2 Rxb2 38. Qxa7 Rb1+ 39. Kf2 d1Q 40. Bxd1 Rxd1 41. a4 Ra1 42. Qxf7 Kh6 43. Qd7 Ra2+ 44. Kg3 Ra3 45. a5 Kh7 46. Qd8 Ra1 47. Qb6 Re1 48. a6 Ra1 49. a7 Ra3 50. Qb7 1-0

[Event "Online Olym Div3 C"]
[Site "Chess.com INT"]
[Date "2021.08.27"]
[Round "3.4"]
[White "Greet, Andrew"]
[Black "Munenga, Douglas D"]
[Result "1-0"]
[WhiteElo "2417"]
[BlackElo "2339"]
[PlyCount "61"]
[EventDate "2021.08.27"]
[EventType "team-tourn (rapid)"]
[EventRounds "9"]
[EventCountry "USA"]
[SourceTitle "CBM 204 Extra"]
[Source "ChessBase"]
[SourceDate "2021.11.30"]
[SourceVersion "1"]
[SourceVersionDate "2021.11.30"]
[SourceQuality "1"]
[WhiteTeam "Scotland"]
[BlackTeam "Zambia"]
[WhiteTeamCountry "SCO"]
[BlackTeamCountry "ZAM"]

1. e4 e6 2. d4 d5 3. e5 c5 4. c3 Nc6 5. Nf3 Bd7 6. Be2 Qb6 7. 0-0 h6 8. dxc5 Bxc5 9. b4 Be7 10. Be3 Qc7 11. Na3 a6 12. Qc1 g5 13. b5 Na5 14. Rb1 Bc5 15. c4 Bxe3 16. Qxe3 Ne7 17. Rfc1 Qd8 18. bxa6 bxa6 19. Nd4 0-0 20. h4 dxc4 21. Bf3 Nd5 22. Bxd5 exd5 23. Nac2 Qe7 24. Rb6 Rfe8 25. Qc3 Qc5 26. Rxh6 Rxe5 27. Nf3 d4 28. Ncxd4 g4 29. Nxe5 Qxe5 30. Re1 Qg7 31. Rh5 1-0

[Event "London Wood Green"]
[Site "London"]
[Date "2021.08.23"]
[Round "8"]
[White "Greet, Andrew"]
[Black "Derakhshani, Borna"]
[Result "1/2-1/2"]
[WhiteElo "2417"]
[BlackElo "2373"]
[PlyCount "84"]
[EventDate "2021.08.19"]
[EventType "tourn"]
[EventRounds "9"]
[EventCountry "ENG"]
[EventCategory "7"]
[SourceTitle "CBM 203 Extra"]
[Source "ChessBase"]
[SourceDate "2021.09.30"]
[SourceVersion "1"]
[SourceVersionDate "2021.09.30"]
[SourceQuality "1"]

1. e4 c6 2. d4 d5 3. e5 Bf5 4. h4 h5 5. Bd3 Bxd3 6. Qxd3 Qa5+ 7. Nd2 e6 8. Ngf3 Qa6 9. c4 Nh6 10. b3 Nf5 11. 0-0 Be7 12. a4 Nd7 13. Ba3 c5 14. dxc5 Nxc5 15. Qb1 dxc4 16. Nxc4 Rd8 17. Rc1 b6 18. b4 Nd3 19. b5 Qb7 20. Bxe7 Qxe7 21. Nd6+ Nxd6 22. Qxd3 Nf5 23. Qa3 Qb7 24. Rc4 Ne7 25. Rac1 Rd7 26. Nd4 0-0 27. Nc6 Nf5 28. Qf3 g6 29. g4 hxg4 30. Rxg4 Kg7 31. h5 Rh8 32. hxg6 fxg6 33. Qf4 Rh5 34. Kg2 Rd4 35. Qxd4 Nxd4 36. Rxd4 Rxe5 37. Rcd1 Rd5 38. Rxd5 exd5 39. Rxd5 a6 40. Re5 Qc8 41. f3 Kf6 42. Re4 axb5 1/2-1/2

[Event "London Wood Green"]
[Site "London"]
[Date "2021.08.19"]
[Round "1"]
[White "Greet, Andrew"]
[Black "Fodor, Tamas Jr"]
[Result "0-1"]
[WhiteElo "2417"]
[BlackElo "2520"]
[PlyCount "92"]
[EventDate "2021.08.19"]
[EventType "tourn"]
[EventRounds "9"]
[EventCountry "ENG"]
[EventCategory "7"]
[SourceTitle "CBM 203 Extra"]
[Source "ChessBase"]
[SourceDate "2021.09.30"]
[SourceVersion "1"]
[SourceVersionDate "2021.09.30"]
[SourceQuality "1"]

1. e4 e5 2. Nf3 Nc6 3. Bc4 Nf6 4. d4 exd4 5. e5 d5 6. Bb5 Ne4 7. Nxd4 Bd7 8. Bxc6 bxc6 9. 0-0 Bc5 10. f3 Ng5 11. Be3 0-0 12. f4 f6 13. exf6 Nh3+ 14. gxh3 Bxh3 15. Qf3 Bxf1 16. fxg7 Rf7 17. Kxf1 Qh4 18. c3 Qxh2 19. Nd2 Bxd4 20. cxd4 Rxg7 21. Bf2 Rf8 22. f5 Rg5 23. Ke2 Rgxf5 24. Qg3+ Qxg3 25. Bxg3 Re8+ 26. Kd3 Re7 27. b4 Rg7 28. Be5 Rg2 29. Bxc7 Rff2 30. Rd1 h5 31. Bd8 Rg3+ 32. Kc2 Rg4 33. b5 cxb5 34. Rb1 a6 35. Ba5 Rxd4 36. Bc3 Rg4 37. Re1 b4 38. Bb2 Rgg2 39. Bc1 h4 40. Rh1 Rh2 41. Rg1+ Rfg2 42. Re1 h3 43. Kd3 Rg3+ 44. Kd4 Rf2 45. Re8+ Kf7 46. Rh8 h2 0-1

[Event "EU-Cup Online Gr-G"]
[Site "Tornelo INT"]
[Date "2021.03.27"]
[Round "1.2"]
[White "Persanyi, Barnabas"]
[Black "Greet, Andrew"]
[Result "1/2-1/2"]
[WhiteElo "2364"]
[BlackElo "2417"]
[PlyCount "89"]
[EventDate "2021.03.27"]
[EventType "team-tourn (rapid)"]
[EventRounds "9"]
[EventCountry "NET"]
[SourceTitle "CBM 201 Extra"]
[Source "ChessBase"]
[SourceDate "2021.05.31"]
[SourceVersion "1"]
[SourceVersionDate "2021.05.31"]
[SourceQuality "1"]
[WhiteTeam "Hello Sakk"]
[BlackTeam "Wood Green"]
[WhiteTeamCountry "HUN"]
[BlackTeamCountry "ENG"]

1. Nf3 d5 2. g3 Bg4 3. Bg2 Nd7 4. c4 e6 5. 0-0 c6 6. d3 Bxf3 7. Bxf3 dxc4 8. dxc4 Ne5 9. Nd2 Nxf3+ 10. Nxf3 Nf6 11. b3 Bc5 12. Bb2 Qxd1 13. Rfxd1 Ke7 14. e3 Rhd8 15. Ne5 Ne8 16. Kf1 f6 17. Nd3 Bd6 18. Ke2 e5 19. e4 Rd7 20. Rd2 Rad8 21. Rad1 g6 22. f4 exf4 23. gxf4 b6 24. e5 fxe5 25. fxe5 Bc7 26. Nb4 Rxd2+ 27. Rxd2 Rxd2+ 28. Kxd2 Kd7 29. Ke2 Ng7 30. Kf3 Ne6 31. Nd3 Bd8 32. Bc1 b5 33. cxb5 cxb5 34. Be3 Bb6 35. Bxb6 axb6 36. Ke4 Ng5+ 37. Kd5 Ne6 38. b4 Nc7+ 39. Ke4 Ne6 40. Nf2 Kc6 41. Ng4 Ng5+ 42. Kf4 Ne6+ 43. Ke4 Ng5+ 44. Kf4 Ne6+ 45. Ke4 1/2-1/2

[Event "Titled Tuesday intern op 23rd Mar"]
[Site "Chess.com INT"]
[Date "2021.03.23"]
[Round "4"]
[White "Greet, Andrew"]
[Black "Motylev, Alexander"]
[Result "0-1"]
[WhiteElo "2417"]
[BlackElo "2641"]
[PlyCount "92"]
[EventDate "2021.03.23"]
[EventType "swiss (blitz)"]
[EventRounds "11"]
[EventCountry "USA"]
[SourceTitle "CBM 201 Extra"]
[Source "ChessBase"]
[SourceDate "2021.05.31"]
[SourceVersion "1"]
[SourceVersionDate "2021.05.31"]
[SourceQuality "1"]

1. e4 c6 2. d4 d5 3. exd5 cxd5 4. Nf3 Nc6 5. Bb5 a6 6. Bxc6+ bxc6 7. c4 dxc4 8. 0-0 e6 9. Ne5 Nf6 10. Qa4 Bd7 11. Qxc4 Bd6 12. b3 c5 13. Nxd7 Qxd7 14. dxc5 Be5 15. Nc3 Qd4 16. Qxd4 Bxd4 17. Bb2 Bxc5 18. Rac1 Be7 19. Rfd1 0-0 20. Na4 Nd5 21. Bd4 Rfb8 22. Be5 Rb7 23. f3 f6 24. Bd4 Kf7 25. Kf2 Rd8 26. Bc5 g5 27. Bxe7 Kxe7 28. Rc6 Rd6 29. Rxd6 Kxd6 30. Nc3 Kc5 31. Nxd5 exd5 32. Ke3 Re7+ 33. Kd3 Kb4 34. Rc1 Re6 35. Rc2 a5 36. Kd4 Re5 37. Rc5 Re2 38. Rxd5 Rxa2 39. g4 Kxb3 40. Ke4 a4 41. Rb5+ Kc4 42. Rb8 Rxh2 43. Rc8+ Kb4 44. Rb8+ Kc3 45. Rc8+ Kb3 46. Rb8+ Ka3 0-1

[Event "Titled Tuesday intern op 23rd Mar"]
[Site "Chess.com INT"]
[Date "2021.03.23"]
[Round "7"]
[White "Navrotescu, Andreea Cristiana"]
[Black "Greet, Andrew"]
[Result "0-1"]
[WhiteElo "2247"]
[BlackElo "2417"]
[PlyCount "38"]
[EventDate "2021.03.23"]
[EventType "swiss (blitz)"]
[EventRounds "11"]
[EventCountry "USA"]
[SourceTitle "CBM 201 Extra"]
[Source "ChessBase"]
[SourceDate "2021.05.31"]
[SourceVersion "1"]
[SourceVersionDate "2021.05.31"]
[SourceQuality "1"]

1. d4 e6 2. c4 f5 3. Nc3 Nf6 4. a3 b6 5. d5 g6 6. dxe6 dxe6 7. Qxd8+ Kxd8 8. Bg5 Be7 9. 0-0-0+ Nbd7 10. Nf3 Ke8 11. Nb5 Bd8 12. Ne5 a6 13. Bxf6 Nxf6 14. Rxd8+ Kxd8 15. Nf7+ Ke7 16. Nxh8 axb5 17. h4 Bd7 18. h5 Nxh5 19. g4 fxg4 0-1

[Event "Titled Tuesday intern op 09th Mar"]
[Site "Chess.com INT"]
[Date "2021.03.09"]
[Round "11"]
[White "Greet, Andrew"]
[Black "Krzywda, Andrzej"]
[Result "1-0"]
[WhiteElo "2417"]
[BlackElo "2115"]
[PlyCount "87"]
[EventDate "2021.03.09"]
[EventType "swiss (blitz)"]
[EventRounds "11"]
[EventCountry "USA"]
[SourceTitle "CBM 201 Extra"]
[Source "ChessBase"]
[SourceDate "2021.05.31"]
[SourceVersion "1"]
[SourceVersionDate "2021.05.31"]
[SourceQuality "1"]

1. e4 c5 2. Nc3 Nc6 3. Bb5 Nd4 4. Nf3 Nxb5 5. Nxb5 d6 6. d4 a6 7. Nc3 cxd4 8. Qxd4 e5 9. Qb4 h6 10. Nd5 Nf6 11. Nb6 Rb8 12. 0-0 Be6 13. Rd1 Qc7 14. c4 d5 15. Qa4+ Nd7 16. Nxd5 Bxd5 17. cxd5 Bd6 18. Be3 0-0 19. Rac1 Qd8 20. Nd2 Nf6 21. Bc5 Nh5 22. g3 f5 23. exf5 Bxc5 24. Rxc5 Qg5 25. Ne4 Qxf5 26. d6 b5 27. Qb3+ Kh8 28. Qe3 Qg4 29. Rd3 Nf4 30. Rxe5 Nxd3 31. Qxd3 Rbd8 32. Re7 Rf3 33. Qd4 Rf6 34. Rxg7 Qxg7 35. Nxf6 Rf8 36. d7 Rd8 37. Qe5 a5 38. Qe8+ Qf8 39. Qxf8+ Rxf8 40. Ne8 Rxf2 41. Kxf2 h5 42. d8Q h4 43. Qf6+ Kg8 44. Qg7# 1-0

[Event "Titled Tuesday intern op 09th Mar"]
[Site "Chess.com INT"]
[Date "2021.03.09"]
[Round "8"]
[White "Skuhala, Barbara"]
[Black "Greet, Andrew"]
[Result "0-1"]
[WhiteElo "2077"]
[BlackElo "2417"]
[PlyCount "124"]
[EventDate "2021.03.09"]
[EventType "swiss (blitz)"]
[EventRounds "11"]
[EventCountry "USA"]
[SourceTitle "CBM 201 Extra"]
[Source "ChessBase"]
[SourceDate "2021.05.31"]
[SourceVersion "1"]
[SourceVersionDate "2021.05.31"]
[SourceQuality "1"]

1. e4 e5 2. Nf3 d5 3. exd5 Bd6 4. d4 e4 5. Ne5 Nf6 6. Nc3 Nbd7 7. Be2 Nxe5 8. dxe5 Bxe5 9. 0-0 Bxc3 10. bxc3 Qxd5 11. c4 Qxd1 12. Rxd1 0-0 13. Bf4 Bg4 14. Bxg4 Nxg4 15. Bxc7 Rfc8 16. Bf4 Rxc4 17. h3 Nf6 18. Rd2 Rac8 19. Rad1 h6 20. Be5 Rxc2 21. Bxf6 gxf6 22. Rd7 R8c7 23. Rxc7 Rxc7 24. Rd4 Rc1+ 25. Kh2 Rc2 26. a4 Rxf2 27. Rxe4 f5 28. Rb4 b6 29. Rb5 Ra2 30. Rb4 Kg7 31. Kg3 Kf6 32. Kf3 Ke5 33. h4 Ra3+ 34. Kf2 f4 35. Rc4 f5 36. Rb4 f3 37. gxf3 Kf6 38. Kg3 Ke5 39. Rc4 h5 40. Rb4 Rc3 41. Rb5+ Rc5 42. Rb4 Rd5 43. Rc4 Rd4 44. Rc7 f4+ 45. Kf2 Rxa4 46. Rh7 Ra2+ 47. Ke1 Kd4 48. Rxh5 Ke3 49. Re5+ Kxf3 50. h5 Rh2 51. Rb5 Rh1+ 52. Kd2 Kf2 53. Rf5 f3 54. Kd3 Rh4 55. Rg5 a5 56. Rb5 a4 57. Rxb6 Rxh5 58. Ke4 Rh4+ 59. Kd3 Kg2 60. Ke3 f2 61. Rb2 Rh3+ 62. Ke4 Kg1 0-1

[Event "Titled Tuesday intern op 02nd Mar"]
[Site "Chess.com INT"]
[Date "2021.03.02"]
[Round "1"]
[White "Svane, Rasmus"]
[Black "Greet, Andrew"]
[Result "1-0"]
[WhiteElo "2613"]
[BlackElo "2417"]
[PlyCount "57"]
[EventDate "2021.03.02"]
[EventType "swiss (blitz)"]
[EventRounds "11"]
[EventCountry "USA"]
[SourceTitle "CBM 201 Extra"]
[Source "ChessBase"]
[SourceDate "2021.05.31"]
[SourceVersion "1"]
[SourceVersionDate "2021.05.31"]
[SourceQuality "1"]

1. Nf3 d5 2. g3 Nc6 3. d4 Bg4 4. h3 Bxf3 5. exf3 e6 6. f4 Nge7 7. c3 Nf5 8. Bd3 h5 9. Nd2 g6 10. Nf3 Qd7 11. Bd2 Nd6 12. Qe2 0-0-0 13. b4 Bg7 14. a4 Ne7 15. Kf1 f6 16. Kg2 Rde8 17. b5 h4 18. Rae1 hxg3 19. fxg3 Nef5 20. h4 e5 21. fxe5 fxe5 22. dxe5 Nf7 23. Bf4 Nd8 24. Ng5 Ne6 25. Nxe6 Rxe6 26. h5 Rf8 27. hxg6 Rxg6 28. Qh5 Qe8 29. Bxf5+ 1-0

[Event "Titled Tuesday intern op 23rd Feb"]
[Site "Chess.com INT"]
[Date "2021.02.23"]
[Round "10"]
[White "Greet, Andrew"]
[Black "Shahade, Gregory P"]
[Result "1/2-1/2"]
[WhiteElo "2417"]
[BlackElo "2476"]
[PlyCount "81"]
[EventDate "2021.02.23"]
[EventType "swiss (blitz)"]
[EventRounds "11"]
[EventCountry "USA"]
[SourceTitle "CBM 200 Extra"]
[Source "ChessBase"]
[SourceDate "2021.03.31"]
[SourceVersion "1"]
[SourceVersionDate "2021.03.31"]
[SourceQuality "1"]

1. e4 e5 2. Nf3 Nc6 3. Bc4 Nf6 4. d4 exd4 5. e5 Ne4 6. Qe2 Nc5 7. c3 d3 8. Qe3 Be7 9. 0-0 d5 10. exd6 cxd6 11. b4 Be6 12. Na3 Bxc4 13. Nxc4 Ne6 14. Qxd3 0-0 15. Rd1 Bf6 16. Bb2 Ne5 17. Ncxe5 dxe5 18. Qe4 Qc7 19. c4 Nd4 20. Bxd4 exd4 21. Rac1 Rfe8 22. Qd3 Rad8 23. c5 a6 24. a4 g6 25. b5 axb5 26. axb5 Rd5 27. c6 Red8 28. Qb3 bxc6 29. Rxc6 Qf4 30. b6 Kg7 31. b7 Qb8 32. Rb1 R5d7 33. Qb6 d3 34. Rxf6 d2 35. Nxd2 Rxd2 36. g3 Rd1+ 37. Rxd1 Rxd1+ 38. Kg2 Rd7 39. Rf3 Qxb7 40. Qxb7 Rxb7 41. h4 1/2-1/2